| 000 -LEADER |
| fixed length control field |
01194nam a22002177a 4500 |
| 003 - CONTROL NUMBER IDENTIFIER |
| control field |
OSt |
| 005 - DATE AND TIME OF LATEST TRANSACTION |
| control field |
20220610112119.0 |
| 008 - FIXED-LENGTH DATA ELEMENTS--GENERAL INFORMATION |
| fixed length control field |
180221b xxu||||| |||| 00| 0 spa d |
| 020 ## - INTERNATIONAL STANDARD BOOK NUMBER |
| International Standard Book Number |
9501403289 |
| 040 ## - CATALOGING SOURCE |
| Transcribing agency |
PJ |
| 100 ## - ASIENTO PRINCIPAL - NOMBRE DE PERSONA |
| Personal name |
Ramella, Pablo A. |
| 9 (RLIN) |
635 |
| 245 10 - MENCIÓN DE TÍTULO |
| Título propiamente dicho |
Crímenes contra la humanidad / |
| Mención de responsabilidad, etc |
Pablo A. Ramella. |
| 260 ## - PUBLICATION, DISTRIBUTION, ETC. (IMPRINT) |
| Place of publication, distribution, etc |
Buenos Aires : |
| Name of publisher, distributor, etc |
Depalma, |
| Date of publication, distribution, etc |
1986. |
| 300 ## - DESCRIPCION FISICA |
| Extent |
154 p. |
| Dimensions |
23 cm. |
| 504 ## - NOTA DE BIBLIOGRAFÍA, ETC. |
| Bibliography, etc |
Bibliografía: p.151-152. |
| 505 ## - FORMATTED CONTENTS NOTE |
| Formatted contents note |
1. El individuo como sujeto del derecho penal internacional.<br/>2. Antecedentes.<br/>3. El juicio de Nuremberg.<br/>4. El juicio de Tokio.<br/>5. Análisis crítico.<br/>6. Crímenes de guerra y crímenes contra la humanidad.<br/>7. Trata de blancas.<br/>8. Trata de esclavos.<br/>9. Trafico de estupefacientes.<br/>10. Genocidio.<br/>11. La guerra como crimen.<br/>12. Armas nucleares.<br/>13. Aborto.<br/>14. Pornografía.<br/>15. Tortura.<br/>16. Discriminación.<br/>17. Terrorismo.<br/>18. Prescripción.<br/>19. Tribunal Internacional.<br/>20. Reflexión final.<br/> |
| Statement of responsibility |
PABLO A. RAMELLA |
| Title |
CRIMENES CONTRA LA HUMANIDAD |
| 650 #0 - ASIENTO SECUNDARIO DE MATERIA - TERMINO TEMATICO |
| 9 (RLIN) |
495 |
| Topical term or geographic name as entry element |
DERECHO INTERNACIONAL |
| 650 #0 - ASIENTO SECUNDARIO DE MATERIA - TERMINO TEMATICO |
| 9 (RLIN) |
623 |
| Topical term or geographic name as entry element |
VIOLACION DE DERECHOS HUMANOS |
| 650 #0 - ASIENTO SECUNDARIO DE MATERIA - TERMINO TEMATICO |
| Topical term or geographic name as entry element |
DELITOS CONTRA LA HUMANIDAD |
| 9 (RLIN) |
3559 |
| 942 ## - ADDED ENTRY ELEMENTS (KOHA) |
| Source of classification or shelving scheme |
|
| Koha item type |
Libros |
| Classification part |
341.48 |
| Item part |
RAM |